00252nam a2200109Ia 4500008004100000100001100041245003600052260001600088260000900104546001200113999001700125170619s9999 xx 000 0 und d aMunson 0aFundamentals of Fluid Mechanics bWiley-India c2011 aENGLISH c20538d20538